000 01572nam a2200373 a 4500
001 ebr10670962
003 CaPaEBR
006 m u
007 cr cn|||||||||
008 110510s2012 nyu sb 001 0 eng d
010 _z 2011018602
020 _z9781613249277 (hardcover)
020 _z9781614700319 (e-book)
040 _aCaPaEBR
_cCaPaEBR
035 _a(OCoLC)828868968
050 1 4 _aLB1025.3
_b.E94 2012eb
082 0 4 _a379.2/6
_223
245 0 0 _aEvidence-based education
_h[electronic resource] /
_cDennis Fung Chun-Lok and Valerie Yip Wang-Yan, editors.
260 _aHauppauge, N.Y. :
_bNova Science Publishers,
_cc2012.
300 _aix, 139 p.
490 1 _aEducation in a competitive and globalizing world
504 _aIncludes bibliographical references and index.
533 _aElectronic reproduction.
_bPalo Alto, Calif. :
_cebrary,
_d2013.
_nAvailable via World Wide Web.
_nAccess may be limited to ebrary affiliated libraries.
650 0 _aEffective teaching
_vCross-cultural studies.
650 0 _aTeacher effectiveness
_vCross-cultural studies.
650 0 _aTeaching
_xEvaluation
_vCross-cultural studies.
650 0 _aEducational equalization
_vCross-cultural studies.
655 7 _aElectronic books.
_2local
700 1 _aFung, Dennis Chun-Lok.
700 1 _aYip, Valerie Wang-Yan.
710 2 _aebrary, Inc.
830 0 _aEducation in a competitive and globalizing world series.
856 4 0 _uhttp://site.ebrary.com/lib/rucke/Doc?id=10670962
_zAn electronic book accessible through the World Wide Web; click to view
999 _c61927
_d61927